| 000 | 00665nam a2200229Ia 4500 | ||
|---|---|---|---|
| 003 | OSt | ||
| 005 | 20250218111654.0 | ||
| 008 | 210210b1941 xxu||||| |||| 00| 0 eng d | ||
| 040 | _cAL | ||
| 041 | _aHindi | ||
| 082 | _a864/82 | ||
| 100 |
_aPRASAD (Janardhan Jha) _dप्रसाद जनार्दन झा _9200605 |
||
| 245 |
_aPremchand ki upanyas kala _b प्रेमचंद की उपन्यास - कला |
||
| 260 |
_aBihAr _b- _c1941 |
||
| 650 |
_aupanyas _9200606 |
||
| 650 |
_aPremchand _9200607 |
||
| 650 |
_aki _9200608 |
||
| 650 |
_akala _9200609 |
||
| 690 |
_aHindi Criticism _9200610 |
||
| 906 | _a023618 | ||
| 942 |
_2ddc _cBI |
||
| 999 |
_c148587 _d148587 |
||